• 首页
  • 本馆介绍
  • 公告通知
  • 最新文献
  • 馆藏检索
  • 电子资源
  • 读者导购
  • 参考咨询
  • 我的图书馆
  • 登录
  • 详细信息显示
  • 放入我的书架
  • 预约/预借图书
  • 作者相关作品
  • 分类相关作品
  • 丛书相关作品
  • 出版社相关作品

书目信息

  • 表格格式
  • 工作单格式
  • 卡片格式
题名:
党的基本路线简明教程
    
 
作者: ;中央宣传部宣传局 , 全国总工会宣传部 编
分册:  
出版信息: 北京   工人出版社  1988.3
页数: 195页
开本: 19cm
丛书名:
单 册:
中图分类: D24
科图分类:
主题词: 党的基本路线-中国共产党--教材 , 中国共产党-党的基本路线--教材 , 社会主义建设模式--中国
电子资源:
ISBN:
000 01025nam0 2200265 45
001 0188003228
005 20070925165913.65
010    @dCNY1.40
020    @aCN@b88003228
100    @a19910411d1988 m y0chiy0120 ea
101 0  @achi
102    @aCN@b110000@aCN@b210000
105    @ay gjz 000yy
200 10 @a党的基本路线简明教程@Adang de ji ben lu xian jian ming jiao cheng@f中央宣传部宣传局,全国总工会宣教部编@Fzhong yang xuan chuan bu xuan chuan ju , quan guo zong gong hui xuan jiao bu bian
210    @a北京@c工人出版社@a沈阳@c辽宁大学出版社@d1988.3
215    @a195页@d19cm
540 1  @a党的基本路线简明教程@Adang de ji ben lu xian jian ming jiao cheng
606    @a党的基本路线-中国共产党@x教材
606    @a中国共产党-党的基本路线@x教材
606    @a社会主义建设模式@y中国
690    @aD24@v1980
711 02 @a中央宣传部宣传局@Azhong yang xuan chuan bu xuan chuan ju@4编
711 02 @a全国总工会宣传部@Aquan guo zong gong hui xuan chuan bu@4编
801  0 @aCN@bTSSF@c20070925
905    @a10447@dD24@e160
    
    党的基本路线简明教程/中央宣传部宣传局,全国总工会宣教部编.-北京:工人出版社;沈阳:辽宁大学出版社,1988.3
    195页;19cm
    
    
    ISBN :CNY1.40
    
●
相关链接 在E读中查询图书 在五车中查询图书 在当当中查询图书 在豆瓣中查询图书


正题名:党的基本路线简明教程     索取号:D24/160         预约/预借

序号 登录号 条形码 馆藏地/架位号 状态 备注
1 0440665   204406650   密集书库/ [索取号:D24/160] 在馆    
2 0609841   206098417   密集书库/ [索取号:D24/160] 在馆    
3 0769789   207697893   密集书库/ [索取号:D24/160] 在馆    
唐山师范学院图书馆 欢迎您!
大连网信软件有限公司© 版权所有